| 000 | 00394nam a2200145Ia 4500 | ||
|---|---|---|---|
| 008 | 150201s2003 xx 000 0 und d | ||
| 082 |
_a616.01 _bE2003P |
||
| 100 | _aPETER,SOBEN | ||
| 245 | _aESSENTIALS OF PREVENTIVE & COMMUNITY DENTISTRY | ||
| 250 | _a1ST | ||
| 260 |
_bARYA PUBLICATION _aDELHI _c2003 |
||
| 300 | _a1-945 | ||
| 650 | _aPREVENTIVE AND COMMUNITY DENTISTRY | ||
| 942 |
_2ddc _cBK _07 |
||
| 999 |
_c3223 _d3223 |
||